[Event "Aragon-chT Honor GrB"]
[Site "Aragon"]
[Date "2015.02.07"]
[Round "3.31"]
[White "Quintin Navarro, Alberto"]
[Black "Alonso Fernandez Revuelta, Rodrigo"]
[Result "1-0"]
[WhiteElo "2331"]
[BlackElo "2024"]
[PlyCount "43"]
[EventDate "2015.01.24"]
[EventType "team-tourn"]
[EventRounds "7"]
[EventCountry "ESP"]
[SourceTitle "EXT 2017"]
[Source "ChessBase"]
[SourceDate "2016.10.25"]
[SourceVersion "1"]
[SourceVersionDate "2016.10.25"]
[SourceQuality "1"]
[WhiteTeam "St Casablanca"]
[BlackTeam "Caissa"]
[WhiteTeamCountry "ESP"]
[BlackTeamCountry "ESP"]

1. d4 d5 2. Nf3 Nf6 3. c4 c6 4. e3 e6 5. b3 Be7 6. Bd3 Nbd7 7. 0-0 0-0 8. Nbd2 dxc4 9. bxc4 c5 10. Bb2 Qc7 11. Qe2 cxd4 12. exd4 b6 13. Rfd1 Bb7 14. Rac1 Rfe8 15. Bb1 Qf4 16. Rc3 Bd6 17. Nf1 Ne4 18. Re3 Ng5 19. d5 e5 20. Bc1 Nxf3+ 21. Rxf3 Qg4 22. Bf5 1-0

[Event "Aragon-chT Preferente A"]
[Site "Aragon"]
[Date "2012.02.11"]
[Round "2.41"]
[White "Antonano Fedz Quincoces, Avelino"]
[Black "Alonso Fernandez Revuelta, Rodrigo"]
[Result "1/2-1/2"]
[WhiteElo "2127"]
[BlackElo "2021"]
[PlyCount "105"]
[EventDate "2012.02.04"]
[EventType "team"]
[EventRounds "9"]
[EventCountry "ESP"]
[SourceTitle "EXT 2014"]
[Source "ChessBase"]
[SourceDate "2013.11.20"]
[SourceVersion "1"]
[SourceVersionDate "2013.11.20"]
[SourceQuality "1"]
[WhiteTeam "St Casablanca III"]
[BlackTeam "Caissa II"]
[WhiteTeamCountry "ESP"]
[BlackTeamCountry "ESP"]

1. Nf3 d5 2. b3 Nf6 3. Bb2 g6 4. g3 Bg7 5. Bg2 0-0 6. c4 c6 7. 0-0 Qb6 8. Na3 Na6 9. cxd5 cxd5 10. Bd4 Qa5 11. Nc2 Nc7 12. a4 Bf5 13. b4 Qa6 14. b5 Qe6 15. Ra3 Rfc8 16. Ne3 Bh3 17. Qa1 Bxg2 18. Kxg2 Nfe8 19. Bxg7 Nxg7 20. Rc1 Nf5 21. Nxf5 Qxf5 22. Rac3 Ne8 23. Rxc8 Rxc8 24. Rxc8 Qxc8 25. Qd4 a6 26. bxa6 bxa6 27. Qxd5 Nd6 28. e4 Qc4 29. Qa8+ Kg7 30. e5 Nf5 31. a5 e6 32. Qd8 Qd5 33. Qxd5 exd5 34. Kf1 f6 35. Ke2 Ne7 36. exf6+ Kxf6 37. Nd4 Ke5 38. Kd3 Kd6 39. f4 Kc5 40. g4 Kb4 41. f5 gxf5 42. gxf5 Kxa5 43. f6 Ng6 44. Ne6 Kb4 45. f7 Ne5+ 46. Kd4 Nxf7 47. Kxd5 a5 48. Nf4 a4 49. Nd3+ Kb3 50. Nc5+ Kc2 51. Nxa4 Kxd2 52. Ke6 Nh6 53. h3 1/2-1/2

[Event "Aragon-chT Honor II"]
[Site "Spain"]
[Date "2011.03.05"]
[Round "5.30"]
[White "Alonso Fernandez Revuelta, Rodrigo"]
[Black "Glavina, Pablo"]
[Result "0-1"]
[WhiteElo "2037"]
[BlackElo "2462"]
[PlyCount "54"]
[EventDate "2011.02.05"]
[EventType "team-tourn"]
[EventRounds "7"]
[EventCountry "ESP"]
[SourceTitle "EXT 2013"]
[Source "ChessBase"]
[SourceDate "2012.11.22"]
[SourceVersion "1"]
[SourceVersionDate "2012.11.22"]
[SourceQuality "1"]
[WhiteTeam "Caissa"]
[BlackTeam "St Casablanca"]
[WhiteTeamCountry "ESP"]
[BlackTeamCountry "ESP"]

1. e4 e5 2. Nf3 Nc6 3. Bb5 Bc5 4. 0-0 Qf6 5. c3 Nge7 6. d3 h6 7. Qe2 0-0 8. Be3 Bb6 9. Na3 d6 10. h3 g5 11. Nh2 Ng6 12. Nc4 Nce7 13. Nxb6 axb6 14. d4 Kh7 15. Qh5 Rg8 16. Ng4 Bxg4 17. Qxg4 Nf4 18. Bxf4 gxf4 19. dxe5 Qxe5 20. Qd7 f3 21. g4 c6 22. Bd3 Rad8 23. Qxb7 h5 24. Rfd1 hxg4 25. hxg4 Rxg4+ 26. Kf1 Rdg8 27. Ke1 Qg5 0-1

[Event "Aragon-chT Honor II"]
[Site "Spain"]
[Date "2011.02.26"]
[Round "4.22"]
[White "Latorre Abad, Fernando"]
[Black "Alonso Fernandez Revuelta, Rodrigo"]
[Result "0-1"]
[WhiteElo "2100"]
[BlackElo "2037"]
[PlyCount "90"]
[EventDate "2011.02.05"]
[EventType "team-tourn"]
[EventRounds "7"]
[EventCountry "ESP"]
[SourceTitle "EXT 2013"]
[Source "ChessBase"]
[SourceDate "2012.11.22"]
[SourceVersion "1"]
[SourceVersionDate "2012.11.22"]
[SourceQuality "1"]
[WhiteTeam "Aragon ONCE"]
[BlackTeam "Caissa"]
[WhiteTeamCountry "ESP"]
[BlackTeamCountry "ESP"]

1. e4 e6 2. d4 d5 3. Nd2 Nf6 4. e5 Nfd7 5. Bd3 c5 6. c3 b6 7. Ne2 Ba6 8. Bxa6 Nxa6 9. 0-0 cxd4 10. cxd4 Nb4 11. Nf4 Rc8 12. Nf3 Be7 13. a3 Nc6 14. Be3 0-0 15. h4 Bxh4 16. g3 Be7 17. Kg2 Re8 18. Rh1 Nf8 19. Qd3 Qd7 20. Nh5 f5 21. Rh3 Nd8 22. Rah1 Nf7 23. Qd2 Bd8 24. Ng5 Nxg5 25. Bxg5 Qf7 26. Bxd8 Rexd8 27. Qg5 Qg6 28. Qe3 Rc2 29. Nf4 Qf7 30. Qb3 Rdc8 31. Nd3 Qc7 32. Nc5 Rc4 33. Nxe6 Nxe6 34. Rxh7 Nxd4 35. Qe3 Ne6 36. Qf3 Qxe5 37. Rh8+ Kf7 38. Qh5+ Ke7 39. Rxc8 Rxc8 40. Qh4+ g5 41. Qb4+ Kf6 42. Re1 Qc7 43. Qa4 d4 44. Qb3 Qc4 45. Qf3 Qc6 0-1

[Event "Aragon-chT"]
[Site "Aragon"]
[Date "2008.03.29"]
[Round "7"]
[White "Alonso Fernandez Revuelta, Rodrigo"]
[Black "Palomar Ramon, Santiago"]
[Result "1/2-1/2"]
[WhiteElo "2138"]
[BlackElo "2010"]
[PlyCount "39"]
[EventDate "2008.02.02"]
[EventType "team-swiss"]
[EventRounds "12"]
[EventCountry "ESP"]
[SourceTitle "EXT 2011"]
[Source "ChessBase"]
[SourceDate "2010.11.26"]
[SourceVersion "1"]
[SourceVersionDate "2010.11.26"]
[SourceQuality "1"]

1. e4 e5 2. Nf3 d6 3. d4 Nf6 4. Nc3 Nbd7 5. Bc4 Be7 6. 0-0 0-0 7. Bb3 exd4 8. Qxd4 Nc5 9. Bf4 Be6 10. Rfe1 Bxb3 11. axb3 Ne6 12. Qd2 Qc8 13. Nd5 Nxd5 14. exd5 Nxf4 15. Qxf4 Bf6 16. c3 Re8 17. Rxe8+ Qxe8 18. Re1 Qb5 19. Qa4 Qxa4 20. bxa4 1/2-1/2

[Event "Aragon-chT Autonomico"]
[Site "Aragon"]
[Date "2007.03.03"]
[Round "2"]
[White "Alonso Fernandez Revuelta, Rodrigo"]
[Black "Martinez Cebolla, Alberto"]
[Result "1-0"]
[WhiteElo "2184"]
[BlackElo "2021"]
[PlyCount "109"]
[EventDate "2007.01.27"]
[EventType "team-tourn"]
[EventRounds "9"]
[EventCountry "ESP"]
[SourceTitle "EXT 2008"]
[Source "ChessBase"]
[SourceDate "2007.11.25"]
[SourceVersion "1"]
[SourceVersionDate "2007.11.25"]
[SourceQuality "1"]
[WhiteTeam "Caissa"]
[BlackTeam "IberCaja II"]
[WhiteTeamCountry "ESP"]
[BlackTeamCountry "ESP"]

1. e4 e5 2. Nf3 Nc6 3. Bb5 Nf6 4. 0-0 Bc5 5. c3 0-0 6. d4 Bb6 7. Bg5 h6 8. Bh4 d6 9. dxe5 dxe5 10. Qxd8 Rxd8 11. Nbd2 g5 12. Bg3 g4 13. Nxe5 Rxd2 14. Nxc6 bxc6 15. Bxc6 Rb8 16. a4 a5 17. Rad1 Rxd1 18. Rxd1 Bb7 19. Bxb7 Rxb7 20. Rd8+ Kh7 21. e5 Ne4 22. Rd7 Kg6 23. Kf1 Nxg3+ 24. hxg3 Rb8 25. f4 Re8 26. b4 Ra8 27. b5 Re8 28. c4 f6 29. c5 Bxc5 30. Rxc7 Bd4 31. Rc6 Rf8 32. b6 Kf5 33. b7 Rb8 34. Rxf6+ Ke4 35. Rf7 Ba7 36. e6 Re8 37. e7 Kd5 38. f5 Kd6 39. f6 Ke6 40. Rf8 Kd7 41. Ke2 Bb8 42. Rxe8 Kxe8 43. Ke3 Bxg3 44. Ke4 Kf7 45. Kf5 h5 46. Kg5 Bb8 47. Kxh5 g3 48. Kg5 Bc7 49. Kf5 Bb8 50. Ke4 Ke8 51. Kd5 Kd7 52. Kc5 Bc7 53. Kb5 Ke8 54. Ka6 Bb8 55. Kxa5 1-0

[Event "Aragon-chT Autonomico"]
[Site "Aragon"]
[Date "2007.02.17"]
[Round "4"]
[White "Alonso Fernandez Revuelta, Rodrigo"]
[Black "Dominguez Bujeda, Jesus"]
[Result "0-1"]
[WhiteElo "2184"]
[BlackElo "2088"]
[PlyCount "36"]
[EventDate "2007.01.27"]
[EventType "team-tourn"]
[EventRounds "9"]
[EventCountry "ESP"]
[SourceTitle "EXT 2008"]
[Source "ChessBase"]
[SourceDate "2007.11.25"]
[SourceVersion "1"]
[SourceVersionDate "2007.11.25"]
[SourceQuality "1"]
[WhiteTeam "Caissa"]
[BlackTeam "Teruel Ibercaja"]
[WhiteTeamCountry "ESP"]
[BlackTeamCountry "ESP"]

1. e4 c5 2. Nf3 Nc6 3. d4 cxd4 4. Nxd4 g6 5. Bc4 Bg7 6. Be3 Nf6 7. Nc3 0-0 8. 0-0 Nxe4 9. Nxe4 d5 10. Nxc6 bxc6 11. Bd3 dxe4 12. Bxe4 Be6 13. Bxc6 Rc8 14. Qxd8 Rfxd8 15. Rad1 Rxd1 16. Rxd1 Rxc6 17. Rd8+ Bf8 18. Bh6 Rc8 0-1